Theory of alternative current machinergy (Record no. 10646)

MARC details
000 -LEADER
fixed length control field 00556nam a2200241Ia 4500
001 - CONTROL NUMBER
control field 104013
003 - CONTROL NUMBER IDENTIFIER
control field YMCAF
005 - DATE AND TIME OF LATEST TRANSACTION
control field 20230512162157.0
008 - FIXED-LENGTH DATA ELEMENTS--GENERAL INFORMATION
fixed length control field 100717s2001 ||||||||||||||||| ||und|d
024 ## - OTHER STANDARD IDENTIFIER
Standard number or code 104013
035 ## - SYSTEM CONTROL NUMBER
System control number BB4279
040 ## - CATALOGING SOURCE
Original cataloging agency YMCAF
Language of cataloging eng
Transcribing agency IN-KoLT
041 ## - LANGUAGE CODE
Language code of text/sound track or separate title eng
082 ## - DEWEY DECIMAL CLASSIFICATION NUMBER
Classification number 621.313
Item number 3 LAN
100 ## - MAIN ENTRY--PERSONAL NAME
Personal name Langsdrof, A S
245 #0 - TITLE STATEMENT
Title Theory of alternative current machinergy
250 ## - EDITION STATEMENT
Edition statement 2
260 ## - PUBLICATION, DISTRIBUTION, ETC.
Name of publisher, distributor, etc. TMH
Date of publication, distribution, etc. 2001
300 ## - PHYSICAL DESCRIPTION
Extent 666
653 ## - INDEX TERM--UNCONTROLLED
Uncontrolled term Alternative current machinery
653 ## - INDEX TERM--UNCONTROLLED
Uncontrolled term Mechanical
942 ## - ADDED ENTRY ELEMENTS (KOHA)
Source of classification or shelving scheme Dewey Decimal Classification
Koha item type Books
Holdings
Withdrawn status Lost status Damaged status Not for loan Home library Current library Date acquired Cost, normal purchase price Total Checkouts Barcode Date last seen Cost, replacement price Price effective from Koha item type Public note G
        JC Bose University of Science & Technology JC Bose University of Science & Technology 17/07/2010 215.00   BB4283 12/05/2023 215.00 12/05/2023 Bookbank C 5244
        JC Bose University of Science & Technology JC Bose University of Science & Technology 17/07/2010 215.00   BB4279 12/05/2023 215.00 12/05/2023 Bookbank C 5244
        JC Bose University of Science & Technology JC Bose University of Science & Technology 17/07/2010 215.00   BB4280 12/05/2023 215.00 12/05/2023 Bookbank C 5244
        JC Bose University of Science & Technology JC Bose University of Science & Technology 17/07/2010 215.00   BB4281 12/05/2023 215.00 12/05/2023 Bookbank C 5244
Withdrawn       JC Bose University of Science & Technology JC Bose University of Science & Technology 17/07/2010 215.00   BB4282 12/05/2023 215.00 12/05/2023 Bookbank C 5244